00859nam a22002171a 4500001000800000005001700008008004100025035002300066035000300089035001800092040002000110100002800130245020700158250002300365260002800388300002700416500006300443504002700506610006200533710004600595727528320110718130854.0740524s1958 nyu 00010 eng u a(OCoLC)ocm00895488  a(ISLdb)312347 cUTSdIHGdISLdb10aFerguson, James,d1873-10aPrayers for public worship: a service book of mourning and evening prayers following the course of the Christian Year.cCompiled and edited by James Ferguson; American editor: Charles L. Wallis.h[Text] a[American edition]0 aNew YorkbHarpercc1958 aviii., 370 p., c22 cm. a"A revision of (the author's) Prayers for common worship." aIncludes bibliography.20aPresbyterian ChurchxPrayer-books and devotionsxEnglish.20aPresbyterian Church.bLiturgy and ritual.